000 00755nam a2200217 i 4500
001 90068
003 ES-MaACL
005 20230906180335.0
007 t|
008 050118s1977 sp ||||1| spa d
100 1 _aLazarsfeld, Paul F.
_970813
245 1 0 _aAnálisis de la estructura latente /
_cPaul F. Lazarsfeld, Neil E. Henry ; [traducido por Arturo Camacho Arrazola].
260 _aMadrid :
_bInstituto de Estudios Políticos,
_c1977.
300 _a411 p. ;
_c21 cm.
490 1 _aColección estudios de sociología
700 1 _aHenry, Neil E.
_962601
710 2 _aInstituto de Estudios Políticos (Madrid)
_94924
830 0 _aColección estudios de sociología
_9231927
852 _aES-MaACL
_jA-8063
_bR.97309
999 _c90068
_d90068